A Christmas carol / (Record no. 358088)
[ view plain ]
| 000 -LEADER | |
|---|---|
| fixed length control field | 00601nam a2200241Ia 4500 |
| 008 - FIXED-LENGTH DATA ELEMENTS--GENERAL INFORMATION | |
| fixed length control field | 180628s9999 xx 000 0 und d |
| 020 ## - INTERNATIONAL STANDARD BOOK NUMBER | |
| International Standard Book Number | 978-0-553-21244-0 |
| 050 ## - LIBRARY OF CONGRESS CALL NUMBER | |
| Classification number | CLA D53c |
| 050 ## - LIBRARY OF CONGRESS CALL NUMBER | |
| Item number | 2009 |
| 100 ## - MAIN ENTRY--PERSONAL NAME | |
| Personal name | Dickens, Charles. |
| 245 #2 - TITLE STATEMENT | |
| Title | A Christmas carol / |
| 245 #0 - TITLE STATEMENT | |
| Statement of responsibility, etc | Charles Dickens. |
| 260 ## - PUBLICATION, DISTRIBUTION, ETC. (IMPRINT) | |
| Place of publication, distribution, etc | New York : |
| 260 ## - PUBLICATION, DISTRIBUTION, ETC. (IMPRINT) | |
| Name of publisher, distributor, etc | Bantam Books, |
| 260 ## - PUBLICATION, DISTRIBUTION, ETC. (IMPRINT) | |
| Date of publication, distribution, etc | 2009 |
| 300 ## - PHYSICAL DESCRIPTION | |
| Extent | 99 pages : |
| 300 ## - PHYSICAL DESCRIPTION | |
| Dimensions | 18 cm. |
| 500 ## - GENERAL NOTE | |
| General note | Bantam classic. |
| 650 ## - SUBJECT ADDED ENTRY--TOPICAL TERM | |
| Topical term or geographic name as entry element | Christmas -- Fiction. |
| 650 ## - SUBJECT ADDED ENTRY--TOPICAL TERM | |
| Topical term or geographic name as entry element | Toy and movable books. |
| 650 ## - SUBJECT ADDED ENTRY--TOPICAL TERM | |
| General subdivision | England -- Fiction. |
| 650 ## - SUBJECT ADDED ENTRY--TOPICAL TERM | |
| General subdivision | Ghosts -- Fiction. |
| Withdrawn status | Lost status | Damaged status | Home library | Current library | Shelving location | Date acquired | Cost, normal purchase price | Total Checkouts | Full call number | Barcode | Date last seen | Price effective from | Koha item type |
|---|---|---|---|---|---|---|---|---|---|---|---|---|---|
| South Mansfield College | South Mansfield College | Classic Section | 06/19/2018 | 148.00 | CLA D53c 2009 | SMC06141 | 06/28/2018 | 06/28/2018 | Books |